Making sense of change management (Record no. 1307481)

MARC details
000 -LEADER
fixed length control field 00532nam a2200205Ia 4500
005 - DATE AND TIME OF LATEST TRANSACTION
control field 20250326145417.0
008 - FIXED-LENGTH DATA ELEMENTS--GENERAL INFORMATION
fixed length control field 250326s9999 xx 000 0 und d
037 ## - SOURCE OF ACQUISITION
Stock number Textbook
040 ## - CATALOGING SOURCE
Original cataloging agency FMSL
Language of cataloging eng
Transcribing agency FMSL
041 ## - LANGUAGE CODE
Language code of text/sound track or separate title eng
Source of code eng
084 ## - COLON CLASSIFICATION NUMBER
Assigning agency FMSL
100 ## - MAIN ENTRY--PERSONAL NAME
Personal name Cameron E
9 (RLIN) 741983
245 #0 - TITLE STATEMENT
Title Making sense of change management
Statement of responsibility, etc. Cameron E; Green M
250 ## - EDITION STATEMENT
Edition statement 4
260 ## - PUBLICATION, DISTRIBUTION, ETC.
Place of publication, distribution, etc. London
Name of publisher, distributor, etc. London, Kogan page
Date of publication, distribution, etc. 2015
365 ## - TRADE PRICE
Price amount 3561.2800000000002
650 ## - SUBJECT ADDED ENTRY--TOPICAL TERM
Topical term or geographic name entry element Management
942 ## - ADDED ENTRY ELEMENTS (KOHA)
Koha item type Textbook
Holdings
Withdrawn status Lost status Damaged status Not for loan Home library Current library Date acquired Source of acquisition Cost, normal purchase price Total Checkouts Barcode Date last seen Price effective from Koha item type
        Faculty of Management Library Faculty of Management Library 2025-03-26 Parth Book Seller & Distributor 3561.28   ML1633156 2025-03-26 2025-03-26 Textbook
Copyright @ Delhi University Library System